00777cam a2200205Ia 4500020001800000020001500018040000800033082001700041100001600058245013700074260007500211300004600286490004400332650001400376650002600390700001500416700002600431710006000457856005400517 a9789251072325 a9251072329 cWAU a636 FOO 20121 aWalli, T. K10aCrop residue based densified total mixed rationba user-friendly approach to utilise food crop by-products for ruminant production / aRome :bFood and Agriculture Organization of the United Nations,c2012 a1 online resource (vi, 33 p.) :bcol. ill1 aFAO animal production and health paper, 0aRuminants 0aCrop residues as feed1 aGarg, M. R1 aMakkar, Harinder P. S2 aFood and Agriculture Organization of the United Nations40uhttp://www.fao.org/docrep/015/i2728e/i2728e00.htm